书目信息 |
| 题名: |
气液两相流和沸腾传热
|
|
| 作者: | 林宗虎 编著 | |
| 分册: | ||
| 出版信息: | 西安 西安交通大学出版社 2003.03 |
|
| 页数: | 469页 | |
| 开本: | 20cm | |
| 丛书名: | ||
| 单 册: | ||
| 中图分类: | O359 | |
| 科图分类: | ||
| 主题词: | 流体力学 | |
| 电子资源: | ||
| ISBN: | 7-5605-1656-4 | |
| 000 | 00571nam0 2200193 45 | |
| 001 | 0434618647 | |
| 005 | 2004042809365783 | |
| 010 | @a7-5605-1656-4@dCNY 28.00 | |
| 100 | @a20040428d2003 km y0chiy0120 ea | |
| 101 | 0 | @achi |
| 102 | @aCN@b610000 | |
| 200 | 1 | @a气液两相流和沸腾传热@AQi Ye Liang Xiang Liu He Fei Teng Chuan Re@f林宗虎等编著@FLin Zong Hu Deng Bian Zhu |
| 210 | @a西安@c西安交通大学出版社@d2003.03 | |
| 215 | @a469页@d20cm | |
| 606 | 0 | @a流体力学 |
| 690 | @aO359@v3 | |
| 701 | 0 | @a林宗虎@ALin Zong Hu@4编著 |
| 801 | 0 | @aCN@bPFT@c20040428 |
| 905 | @dO359@eL542 | |
| 气液两相流和沸腾传热/林宗虎等编著.-西安:西安交通大学出版社,2003.03 |
| 469页;20cm |
| ISBN 7-5605-1656-4:CNY 28.00 |
| ● |
| 相关链接 |
|
|
|
正题名:气液两相流和沸腾传热
索取号:O359/L542
 
预约/预借
| 序号 | 登录号 | 条形码 | 馆藏地/架位号 | 状态 | 备注 |
| 1 | 383329 | 203833290 | 自科库401/401自科库 53排7列4层/ [索取号:O359/L542] | 在馆 | |
| 2 | 383330 | 203833307 | 自科库401/401自科库 53排7列4层/ [索取号:O359/L542] | 在馆 | |
| 3 | 383331 | 203833316 | 自科库401/401自科库 53排7列4层/ [索取号:O359/L542] | 在馆 |